Genetics analysis & principles

Na minha lista:
Detalhes bibliográficos
Autor principal: Brooker, Robert J.
Formato: Livro
Idioma:Undetermined
Publicado em: New York McGraw-Hill 2005
Assuntos:
Tags: Adicionar Tag
Sem tags, seja o primeiro a adicionar uma tag!
Thư viện lưu trữ: Trung tâm Học liệu Trường Đại học Cần Thơ
LEADER 00491nam a2200193Ia 4500
001 CTU_87578
008 210402s9999 xx 000 0 und d
020 |c 109.25 
082 |a 576.5 
082 |b B872 
100 |a Brooker, Robert J. 
245 0 |a Genetics analysis & principles 
245 0 |c Robert J. Brooker 
260 |a New York 
260 |b McGraw-Hill 
260 |c 2005 
650 |a Genetics 
904 |i Tuyến 
980 |a Trung tâm Học liệu Trường Đại học Cần Thơ